Le quindici gioie del matrimonio /
Gespeichert in:
| Weitere Verfasser: | , , |
|---|---|
| Format: | Buch |
| Sprache: | Italienisch |
| Veröffentlicht: |
Roma :
TEN,
1994
|
| Schriftenreihe: | Centopaginemillelire ;
135 |
| Tags: |
Keine Tags, Fügen Sie das erste Tag hinzu!
|
MARC
| LEADER | 00000nam a22000007i 4500 | ||
|---|---|---|---|
| 001 | IT\ICCU\TO0\0316886 | ||
| 003 | ItRI | ||
| 005 | 20260115231935.0 | ||
| 008 | 940617s1994 it |||||| ||||| |||||c | ||
| 020 | |a 887983374X | ||
| 040 | |b ita |c importazione bologna sebina | ||
| 041 | 7 | |a ita |2 ISO-639-2 | |
| 082 | |a 848.2 |9 SCRITTI MISCELLANEI FRANCESI. 1400-1500 |2 19 | ||
| 130 | 4 | |a Les quinze joyes de mariage. |3 IT\ICCU\TO0\0316887 |9 Bellemère, Gilles : de <1337-1407> | |
| 245 | 0 | 3 | |a Le quindici gioie del matrimonio / |c [attribuito a] Gilles Bellemère ; introduzione di Giovanni Antonucci ; traduzione integrale di Ugo Dèttore. |
| 260 | |a Roma : |b TEN, |c 1994 | ||
| 300 | |a 93 p. ; |c 20 cm. | ||
| 700 | 1 | |a Antonucci, Giovanni, |d (1941- ) |0 IT\ICCU\CFIV\048982 | |
| 700 | 1 | |a Bellemère, Gilles : de, |d (1337-1407) |0 IT\ICCU\BVEV\026252 | |
| 700 | 1 | |a Dèttore, Ugo |0 IT\ICCU\CFIV\105365 |4 trl | |
| 790 | 1 | |a Antonucci, Giovanni Antonio |3 IT\ICCU\AUFV\000484 |z Antonucci, Giovanni (1941- ) | |
| 790 | 1 | |a Bellamera, Egidio |3 IT\ICCU\BVEV\035400 |z Bellemère, Gilles : de (1337-1407) | |
| 790 | 1 | |a Bellemera, Egidio |3 IT\ICCU\BVEV\035399 |z Bellemère, Gilles : de (1337-1407) | |
| 830 | 0 | |a Centopaginemillelire ; |v 135 |0 IT\ICCU\RAV\0196182 | |
| 942 | |2 ddc |c BK |n 0 | ||
| 952 | |0 0 |1 0 |4 0 |6 DOC_847_100000000000000_BEL |7 0 |9 17275 |a BO |b BO |d 2026-01-15 |i 10185 |l 0 |o DOC 847.1 BEL |p BO10185 |r 2026-01-15 23:19:35 |w 2026-01-15 |x [Sebina 5] [1 v.] |y BK |z 1 v. | ||
| 999 | |c 14752 |d 14752 | ||